Finite element methods for flow problems / (Record no. 23703)

000 -LEADER
fixed length control field 01546cam a22003374a 4500
001 - CONTROL NUMBER
control field 13244284
003 - CONTROL NUMBER IDENTIFIER
control field NUST
005 - DATE AND TIME OF LATEST TRANSACTION
control field 20170606104059.0
008 - FIXED-LENGTH DATA ELEMENTS--GENERAL INFORMATION
fixed length control field 030619s2003 enka b 001 0 eng c
010 ## - LIBRARY OF CONGRESS CONTROL NUMBER
LC control number 2003545084
015 ## - NATIONAL BIBLIOGRAPHY NUMBER
National bibliography number GBA1-V4616
020 ## - INTERNATIONAL STANDARD BOOK NUMBER
International Standard Book Number 0471496669
035 ## - SYSTEM CONTROL NUMBER
System control number (OCoLC)ocm48025024
040 ## - CATALOGING SOURCE
Original cataloging agency DLC
Transcribing agency RCMS
Modifying agency DLC
042 ## - AUTHENTICATION CODE
Authentication code pcc
050 00 - LIBRARY OF CONGRESS CALL NUMBER
Classification number TA347.F5
Item number D66 2003
082 00 - DEWEY DECIMAL CLASSIFICATION NUMBER
Classification number 620.1/064/015118 DON
Edition number 22
100 1# - MAIN ENTRY--PERSONAL NAME
Personal name Donéa, J.
Fuller form of name (Jean)
9 (RLIN) 1937
245 10 - TITLE STATEMENT
Title Finite element methods for flow problems /
Statement of responsibility, etc. Jean Donea and Antonio Huerta.
260 ## - PUBLICATION, DISTRIBUTION, ETC.
Place of publication, distribution, etc. Chichester ;
-- Hoboken, NJ :
Name of publisher, distributor, etc. Wiley,
Date of publication, distribution, etc. c2003.
300 ## - PHYSICAL DESCRIPTION
Extent xi, 350 p. :
Other physical details ill. ;
Dimensions 24 cm.
504 ## - BIBLIOGRAPHY, ETC. NOTE
Bibliography, etc. note Includes bibliographical references (p. 323-344) and index.
520 ## - SUMMARY, ETC.
Summary, etc. "The objective [of this book] is to present the fundamentals of stabilized finite element methods for the analysis of steady and time-dependent convection-diffusion and fluid dynamics problems with an engineering rather than a mathematical bias." -- p. xi.
538 ## - SYSTEM DETAILS NOTE
Display text Shelf No 1 Row No 3
650 #0 - SUBJECT ADDED ENTRY--TOPICAL TERM
Topical term or geographic name entry element Finite element method.
9 (RLIN) 1938
650 #0 - SUBJECT ADDED ENTRY--TOPICAL TERM
Topical term or geographic name entry element Galerkin methods.
9 (RLIN) 1939
650 #0 - SUBJECT ADDED ENTRY--TOPICAL TERM
Topical term or geographic name entry element Fluid dynamics
General subdivision Mathematical models.
9 (RLIN) 1940
700 1# - ADDED ENTRY--PERSONAL NAME
Personal name Huerta, Antonio,
Dates associated with a name 1959-
9 (RLIN) 1941
856 42 - ELECTRONIC LOCATION AND ACCESS
Materials specified Publisher description
Uniform Resource Identifier <a href="http://www.loc.gov/catdir/description/wiley037/2003545084.html">http://www.loc.gov/catdir/description/wiley037/2003545084.html</a>
856 41 - ELECTRONIC LOCATION AND ACCESS
Materials specified Table of contents
Uniform Resource Identifier <a href="http://www.loc.gov/catdir/toc/wiley032/2003545084.html">http://www.loc.gov/catdir/toc/wiley032/2003545084.html</a>
906 ## - LOCAL DATA ELEMENT F, LDF (RLIN)
a 7
b cbc
c pccadap
d 2
e ncip
f 20
g y-gencatlg
942 ## - ADDED ENTRY ELEMENTS (KOHA)
Source of classification or shelving scheme
Koha item type Book
Holdings
Withdrawn status Lost status Source of classification or shelving scheme Damaged status Not for loan Permanent Location Current Location Shelving location Date acquired Total Checkouts Full call number Barcode Date last seen Date last checked out Price effective from Koha item type
          School of Interdisciplinary Engineering and Sciences (SINES) School of Interdisciplinary Engineering and Sciences (SINES) General Stacks 01/01/2014 1 620.106DON RCMS000574 07/04/2024 04/18/2024 01/01/2014 Book
© 2023 Central Library, National University of Sciences and Technology. All Rights Reserved.